| 000 | 04196cam a22005414a 4500 | ||
|---|---|---|---|
| 999 |
_c129688 _d129688 |
||
| 001 | 16327990 | ||
| 003 | ARRUPE | ||
| 005 | 20190814111321.0 | ||
| 008 | 100712s2011 enk b 001 0deng | ||
| 010 | _a 2010029549 | ||
| 015 |
_aGBB0A7487 _2bnb |
||
| 015 |
_aGBB0A7528 _2bnb |
||
| 016 | 7 |
_a015644101 _2Uk |
|
| 016 | 7 |
_a015644142 _2Uk |
|
| 020 | _a9780521888622 (hardback) | ||
| 020 | _a052188862X (hardback) | ||
| 020 | _a9780521716871 (pbk.) | ||
| 020 | _a052171687X (pbk.) | ||
| 035 | _a(OCoLC)ocn651916796 | ||
| 040 |
_aDLC _cDLC _dYDX _dBTCTA _dUKM _dYDXCP _dERASA _dNNG _dOCLCQ _dCDX _dBWX _dCOO _dPUL _dVVC _dPMC _dSTF _dDLC |
||
| 042 | _apcc | ||
| 043 |
_ae-uk-en _ae-uk--- |
||
| 050 |
_aB785.M84 _bC19 |
||
| 082 | 0 | 0 |
_a942.05/2092 _222 |
| 245 | 0 | 4 |
_aThe Cambridge companion to Thomas More / _cedited by George M. Logan. |
| 260 |
_aCambridge, UK ; _aNew York : _bCambridge University Press, _c2011. |
||
| 300 |
_axxv, 301 p. ; _c24 cm. |
||
| 490 | 1 | _aCambridge companions to religion | |
| 504 | _aIncludes bibliographical references and index. | ||
| 505 | 0 | _aThe making of a London citizen / Caroline M. Barron -- Thomas More as humanist / James McConica -- More's rhetoric / Elizabeth McCutcheon -- More's public life / Cathy Curtis -- Thomas More and the heretics: statesman or fanatic? / Richard Rex -- The last years / Peter Marshall -- Reading Utopia / Dominic Baker-Smith -- More on tyranny: The history of King Richard the Third / George M. Logan -- 'The comen knowen multytude of crysten men': A dialogue concerning heresies and the defence of Christendom / Eamon Duffy -- 'In stede of harme inestimable good': A dialogue of comfort against tribulation / Andrew W. Taylor -- The lessons of Gethsemane: De tristitia Christi / Katherine Gardiner Rodgers -- Afterlives / Anne Lake Prescott -- Foundational resources for More studies. | |
| 520 | _a"This Companion offers a comprehensive introduction to the life and work of a major figure of the modern world. Combining breadth of coverage with depth, the book opens with essays on More's family, early life and education, his literary humanism, virtuoso rhetoric, illustrious public career and ferocious opposition to emergent Protestantism, and his fall from power, incarceration, trial and execution. These chapters are followed by in-depth studies of five of More's major works - Utopia, The History of King Richard the Third, A Dialogue Concerning Heresies, A Dialogue of Comfort against Tribulation and De Tristitia Christi - and a final essay on the varied responses to the man and his writings in his own and subsequent centuries. The volume provides an accessible overview of this fascinating figure to students and other interested readers, whilst also presenting, and in many areas extending, the most important modern scholarship on him"-- | ||
| 600 | 1 | 0 |
_aMore, Thomas, _cSaint, _d1478-1535. _947769 |
| 600 | 0 | 0 |
_aHenry _bVIII, _cKing of England, _d1491-1547 _xRelations with humanists. _94048 |
| 650 | 0 |
_aChristian martyrs _zEngland _vBiography. _94051 |
|
| 650 | 0 |
_aStatesmen _zGreat Britain _vBiography. _94049 |
|
| 650 | 0 |
_aHumanists _zEngland _vBiography. _94050 |
|
| 651 | 0 |
_aGreat Britain _xHistory _yHenry VIII, 1509-1547 _vBiography. _94052 |
|
| 651 | 0 |
_aGreat Britain _xPolitics and government _y1509-1547. _947770 |
|
| 651 | 0 |
_aEngland _xIntellectual life _y16th century. _94053 |
|
| 700 | 1 |
_aLogan, George M., _d1941- _947771 |
|
| 830 | 0 |
_aCambridge companions to religion. _947772 |
|
| 856 | 4 | 2 |
_3Cover image _uhttp://assets.cambridge.org/97805218/88622/cover/9780521888622.jpg |
| 856 | 4 | 1 |
_3Table of contents only _uhttp://catdir.loc.gov/catdir/enhancements/fy1011/2010029549-t.html |
| 856 | 4 | 2 |
_3Publisher description _uhttp://catdir.loc.gov/catdir/enhancements/fy1011/2010029549-d.html |
| 856 | 4 | 2 |
_3Contributor biographical information _uhttp://catdir.loc.gov/catdir/enhancements/fy1011/2010029549-b.html |
| 906 |
_a7 _bcbc _corignew _d1 _eecip _f20 _gy-gencatlg |
||
| 942 |
_2lcc _cMONOGRAPH |
||